| 000 | 00645nam a22002057a 4500 | ||
|---|---|---|---|
| 003 | OSt | ||
| 005 | 20260204122405.0 | ||
| 008 | 260204s2014 ag ||||| |||| 00| 1 spa d | ||
| 020 | _a987-950-03-7204-6 | ||
| 040 | _cbesoc | ||
| 100 | 1 |
_aDoyle, Arthur Conan, _d1859-1930. _eAutor |
|
| 245 | 1 | 3 |
_aEl signo de los cuatro / _cArthur Conan Doyle ; Traducción y notas de Pablo Ingberg |
| 260 |
_aBuenos Aires : _bLosada, _c2014 |
||
| 300 |
_a179 p. ; _c19 cm |
||
| 490 | 0 | _aColección aniversario Losada 1938-2008 | |
| 650 | 7 |
_aLiteratura inglesa _2embne |
|
| 655 | 7 |
_aNovelas policiacas _2embne |
|
| 700 | 1 |
_aIngberg, Pablo, _d1960- |
|
| 942 |
_2udc _cOG _n0 |
||
| 999 |
_c870 _d870 |
||